[Event "EUR-chT Seniors 65"]
[Site "Prague"]
[Date "2021.09.01"]
[Round "3.3"]
[White "Danek, Vaclav"]
[Black "Tejkal, Jiri"]
[Result "1-0"]
[WhiteElo "1832"]
[BlackElo "1869"]
[PlyCount "87"]
[EventDate "2021.08.30"]
[EventType "team-swiss"]
[EventRounds "9"]
[EventCountry "CZE"]
[SourceTitle "CBM 204 Extra"]
[Source "ChessBase"]
[SourceDate "2021.11.30"]
[SourceVersion "1"]
[SourceVersionDate "2021.11.30"]
[SourceQuality "1"]
[WhiteTeam "Plzen 64"]
[BlackTeam "Roztoky Caissa 65"]
[WhiteTeamCountry "CZE"]
[BlackTeamCountry "CZE"]

1. e4 c5 2. Nc3 Nc6 3. g3 g6 4. Bg2 Bg7 5. Nge2 d6 6. d3 e6 7. Be3 Nd4 8. Nf4 Ne7 9. Rb1 Rb8 10. a4 b6 11. 0-0 0-0 12. Nce2 Bd7 13. c3 Nxe2+ 14. Nxe2 b5 15. d4 Qc8 16. dxc5 dxc5 17. Qd6 Re8 18. Rfd1 Bc6 19. Bxc5 bxa4 20. Bd4 Qb7 21. Bxg7 Kxg7 22. Nd4 Rbd8 23. Qe5+ Kg8 24. b4 Bd7 25. b5 Qb6 26. Qf6 Qc5 27. Rdc1 Nc8 28. Nf3 Nb6 29. Ne5 Qe7 30. Qxe7 Rxe7 31. c4 f6 32. Ng4 Kg7 33. c5 Na8 34. Rc4 Rb8 35. c6 Be8 36. e5 f5 37. Nf6 Nb6 38. Rc3 Rc7 39. Rd1 h6 40. Rd6 Kf7 41. Bf1 h5 42. f4 Ke7 43. Bd3 Rd8 44. Ng8+ 1-0

[Event "WchT Seniors 65"]
[Site "Prague"]
[Date "2020.03.09"]
[Round "4.20"]
[White "Tejkal, Jiri"]
[Black "Lynch, Peter J"]
[Result "1/2-1/2"]
[WhiteElo "1875"]
[BlackElo "1645"]
[PlyCount "45"]
[EventDate "2020.03.06"]
[EventType "team-swiss"]
[EventRounds "7"]
[EventCountry "CZE"]
[SourceTitle "CBM 195 Extra"]
[Source "ChessBase"]
[SourceDate "2020.05.31"]
[SourceVersion "1"]
[SourceVersionDate "2020.05.31"]
[SourceQuality "1"]
[WhiteTeam "Czech Republic 65 VII"]
[BlackTeam "Ireland 65"]
[WhiteTeamCountry "CZE"]
[BlackTeamCountry "IRL"]

1. d4 d5 2. Nf3 Nf6 3. e3 e6 4. Bd3 Bd6 5. 0-0 0-0 6. Nbd2 Nbd7 7. Qe2 Re8 8. b3 e5 9. dxe5 Nxe5 10. h3 Qe7 11. Bb2 c5 12. Nxe5 Bxe5 13. Bxe5 Qxe5 14. Nf3 Qe7 15. Qd2 Bd7 16. Rfe1 Rad8 17. Qa5 a6 18. Qc7 Bc6 19. Qf4 Ne4 20. c4 g6 21. Rac1 Kg7 22. cxd5 Rxd5 23. Bxe4 1/2-1/2

[Event "WchT Seniors 65"]
[Site "Prague"]
[Date "2020.03.07"]
[Round "2.25"]
[White "Nigrin, Jiri"]
[Black "Tejkal, Jiri"]
[Result "0-1"]
[WhiteElo "1490"]
[BlackElo "1875"]
[PlyCount "88"]
[EventDate "2020.03.06"]
[EventType "team-swiss"]
[EventRounds "7"]
[EventCountry "CZE"]
[SourceTitle "CBM 195 Extra"]
[Source "ChessBase"]
[SourceDate "2020.05.31"]
[SourceVersion "1"]
[SourceVersionDate "2020.05.31"]
[SourceQuality "1"]
[WhiteTeam "Czech Republic 65 XI"]
[BlackTeam "Czech Republic 65 VII"]
[WhiteTeamCountry "CZE"]
[BlackTeamCountry "CZE"]

1. c4 c6 2. d4 g6 3. Nf3 Bg7 4. g3 Nf6 5. Bg2 0-0 6. 0-0 d6 7. Nc3 Nbd7 8. e4 e5 9. d5 c5 10. Be3 Ng4 11. Bd2 f5 12. h3 Ngf6 13. Re1 Nxe4 14. Nxe4 fxe4 15. Rxe4 Nf6 16. Bg5 h6 17. Bxf6 Qxf6 18. Qd2 Bd7 19. b4 b6 20. bxc5 bxc5 21. Rb1 Bf5 22. Nh4 Rab8 23. Rxb8 Rxb8 24. Nxf5 gxf5 25. Re2 e4 26. Kh2 Qg5 27. Qxg5 hxg5 28. f3 exf3 29. Bxf3 Be5 30. Rc2 a5 31. Bh5 Kg7 32. Kg2 a4 33. Kh2 a3 34. Bd1 Rb1 35. Bh5 Kf6 36. Be8 Re1 37. Kg2 Re3 38. g4 Rg3+ 39. Kf1 Rxh3 40. Rf2 f4 41. Ba4 Bd4 42. Re2 Be3 43. Bd7 Ke5 44. Kg2 f3+ 0-1

[Event "Ricany op"]
[Site "Ricany"]
[Date "2015.08.28"]
[Round "8"]
[White "Zlamana, Anna"]
[Black "Tejkal, Jiri"]
[Result "1/2-1/2"]
[WhiteElo "1692"]
[BlackElo "1909"]
[PlyCount "85"]
[EventDate "2015.08.22"]
[EventType "swiss"]
[EventRounds "9"]
[EventCountry "CZE"]
[SourceTitle "EXT 2023"]
[Source "ChessBase"]
[SourceDate "2022.10.05"]
[SourceVersion "1"]
[SourceVersionDate "2022.10.05"]
[SourceQuality "1"]

1. e4 e6 2. d4 d6 3. Nc3 Nf6 4. f4 Nbd7 5. Nf3 c5 6. Be3 Qa5 7. Qd2 a6 8. e5 Ng4 9. dxc5 d5 10. Bd4 Bxc5 11. h3 Nh6 12. g4 b5 13. f5 exf5 14. g5 b4 15. Nxd5 Bb7 16. Bxc5 Nxc5 17. gxh6 0-0-0 18. hxg7 Rhg8 19. Bc4 Bxd5 20. Bxd5 Ne4 21. Qf4 Qxd5 22. Qxf5+ Kb8 23. Qf4 Ng5 24. e6+ Ka8 25. Nxg5 Qxh1+ 26. Qf1 Qxf1+ 27. Kxf1 fxe6 28. Nxe6 Rd2 29. Kg1 Rxc2 30. Rf1 Rxg7+ 31. Nxg7 Rxb2 32. Ra1 a5 33. Ne6 Rd2 34. Nc5 Rd5 35. Na4 Ka7 36. Rf1 Ka6 37. Nb2 Kb5 38. Rf2 a4 39. Rf4 a3 40. Nc4 Rc5 41. Nd6+ Ka4 42. Nc4 Kb5 43. Nd6+ 1/2-1/2

[Event "Prague Golden rap op 11th"]
[Site "Prague"]
[Date "2015.06.27"]
[Round "2"]
[White "Tejkal, Jiri"]
[Black "Mohammad, Nubairshah Shaikh"]
[Result "0-1"]
[WhiteElo "1899"]
[BlackElo "2281"]
[PlyCount "68"]
[EventDate "2015.06.27"]
[EventType "swiss (rapid)"]
[EventRounds "7"]
[EventCountry "CZE"]
[SourceTitle "EXT 2017"]
[Source "ChessBase"]
[SourceDate "2016.10.25"]
[SourceVersion "1"]
[SourceVersionDate "2016.10.25"]
[SourceQuality "1"]

1. d4 d5 2. Nf3 Nf6 3. Bf4 c5 4. e3 Nc6 5. c3 Qb6 6. Qb3 c4 7. Qxb6 axb6 8. a3 b5 9. Nbd2 h6 10. Rd1 Bf5 11. Ne5 e6 12. Be2 Nxe5 13. Bxe5 Nd7 14. Bg3 Be7 15. f3 Nb6 16. e4 Bh7 17. 0-0 Na4 18. Rb1 Kd7 19. Bd1 Nb6 20. Bc2 Rhe8 21. Rbe1 h5 22. h3 Rg8 23. Rf2 g5 24. Nf1 f5 25. exf5 Bxf5 26. Bxf5 exf5 27. Rfe2 Rae8 28. Be5 Bd8 29. Ng3 g4 30. hxg4 hxg4 31. fxg4 Bh4 32. Re3 Rxg4 33. R1e2 f4 34. Rf3 Bxg3 0-1

[Event "Ricany op-A"]
[Site "Ricany"]
[Date "2014.08.24"]
[Round "3"]
[White "Svatos, Jan"]
[Black "Tejkal, Jiri"]
[Result "1-0"]
[WhiteElo "2233"]
[BlackElo "1941"]
[PlyCount "57"]
[EventDate "2014.08.23"]
[EventType "swiss"]
[EventRounds "9"]
[EventCountry "CZE"]
[SourceTitle "EXT 2015"]
[Source "ChessBase"]
[SourceDate "2014.11.20"]
[SourceVersion "1"]
[SourceVersionDate "2014.11.20"]
[SourceQuality "1"]

1. d4 d5 2. c4 c6 3. Nf3 Nf6 4. Nc3 a6 5. cxd5 cxd5 6. Bf4 Nc6 7. e3 g6 8. Ne5 Bg7 9. Be2 0-0 10. 0-0 Bd7 11. Nxd7 Qxd7 12. Na4 Qd8 13. Qb3 b5 14. Nc5 Na5 15. Qb4 Nc4 16. a4 e5 17. dxe5 Nh5 18. Bxh5 gxh5 19. axb5 axb5 20. Rxa8 Qxa8 21. Nd7 Rd8 22. Qxb5 Qc8 23. Nf6+ Bxf6 24. exf6 Nd2 25. Ra1 Ne4 26. Qb6 Re8 27. f3 Nd2 28. Qd4 Nb3 29. Qxd5 1-0

[Event "Ostrava Seniors op"]
[Site "Ostrava"]
[Date "2014.05.01"]
[Round "6"]
[White "Tejkal, Jiri"]
[Black "Herman, Pavel"]
[Result "1-0"]
[WhiteElo "1942"]
[BlackElo "1706"]
[PlyCount "91"]
[EventDate "2014.04.26"]
[EventType "swiss"]
[EventRounds "9"]
[EventCountry "CZE"]
[SourceTitle "CBM 160 Extra"]
[Source "ChessBase"]
[SourceDate "2014.07.01"]
[SourceVersion "1"]
[SourceVersionDate "2014.07.01"]
[SourceQuality "1"]

1. d4 Nf6 2. Nf3 e6 3. c4 c5 4. d5 exd5 5. cxd5 d6 6. Nc3 Bd7 7. e4 a6 8. a4 Qe7 9. Bd3 h6 10. h3 g5 11. Nd2 Bg7 12. Nc4 0-0 13. 0-0 g4 14. h4 Nh5 15. g3 b5 16. Nb6 Bd4 17. Kg2 c4 18. Nxa8 cxd3 19. Qxd3 Qf6 20. axb5 axb5 21. Ne2 Bc5 22. Nc7 b4 23. Nf4 Ng7 24. Na6 Nxa6 25. Rxa6 Rb8 26. Ra5 Qd8 27. Rxc5 dxc5 28. Re1 Bb5 29. Qd2 Qf6 30. Kg1 Qe5 31. Ng2 Rb6 32. Qe3 Qd6 33. b3 Ra6 34. Nf4 c4 35. bxc4 Bxc4 36. Qd4 Bb5 37. Bb2 f6 38. e5 fxe5 39. Rxe5 Qd7 40. Nh5 Nxh5 41. Rxh5 Qh7 42. Qxg4+ Qg6 43. Qd4 Bd7 44. Re5 Ra2 45. Re1 Ra6 46. Re7 1-0

[Event "Ostrava Seniors op"]
[Site "Ostrava"]
[Date "2014.04.29"]
[Round "4"]
[White "Tejkal, Jiri"]
[Black "Briza, Jiri"]
[Result "1/2-1/2"]
[WhiteElo "1942"]
[BlackElo "1910"]
[PlyCount "102"]
[EventDate "2014.04.26"]
[EventType "swiss"]
[EventRounds "9"]
[EventCountry "CZE"]
[SourceTitle "CBM 160 Extra"]
[Source "ChessBase"]
[SourceDate "2014.07.01"]
[SourceVersion "1"]
[SourceVersionDate "2014.07.01"]
[SourceQuality "1"]

1. d4 Nf6 2. Nf3 e6 3. Bg5 Bb4+ 4. c3 Be7 5. e3 b6 6. Bd3 Bb7 7. Nbd2 Nd5 8. Bxe7 Qxe7 9. Qe2 d6 10. a3 f5 11. c4 Nf6 12. e4 e5 13. dxe5 dxe5 14. 0-0 f4 15. c5 Nc6 16. cxb6 axb6 17. Rac1 0-0-0 18. Ba6 Nd4 19. Qc4 Rd6 20. Bxb7+ Kxb7 21. Rfd1 Rc6 22. Qd3 Rxc1 23. Rxc1 Rd8 24. Qc4 Qd6 25. Nxd4 exd4 26. Qd3 Qe6 27. Rc4 Ng4 28. Ra4 Ne5 29. Qa6+ Kc6 30. Rb4 Rd6 31. Qa4+ Kb7 32. Rxd4 Rc6 33. Qd1 g5 34. h3 f3 35. Nxf3 Nxf3+ 36. Qxf3 Rc1+ 37. Rd1 Rxd1+ 38. Qxd1 Qxe4 39. Qf3 Qxf3 40. gxf3 c5 41. f4 gxf4 42. Kg2 Kc6 43. Kf3 Kd5 44. Kxf4 Kc4 45. Ke4 Kb3 46. f4 c4 47. f5 Kxb2 48. f6 c3 49. f7 c2 50. f8Q c1Q 51. Qb4+ Ka2 1/2-1/2

[Event "Plzen op 5th"]
[Site "Plzen"]
[Date "2013.11.25"]
[Round "2"]
[White "Stojdl, Josef"]
[Black "Tejkal, Jiri"]
[Result "1-0"]
[WhiteElo "1967"]
[BlackElo "1970"]
[PlyCount "41"]
[EventDate "2013.11.24"]
[EventType "swiss"]
[EventRounds "7"]
[EventCountry "CZE"]
[SourceTitle "CBM 157 Extra"]
[Source "ChessBase"]
[SourceDate "2013.12.19"]
[SourceVersion "1"]
[SourceVersionDate "2013.12.19"]
[SourceQuality "1"]

1. e4 c5 2. Nf3 Nc6 3. d4 cxd4 4. Nxd4 Nf6 5. Nc3 d6 6. Be2 e6 7. Be3 Be7 8. 0-0 0-0 9. Kh1 Bd7 10. f4 Nxd4 11. Bxd4 Bc6 12. Bf3 Qc7 13. e5 Nd7 14. Qe1 Rfe8 15. Rd1 a6 16. Ne4 dxe5 17. fxe5 Rad8 18. Qg3 Bxe4 19. Bxe4 f5 20. exf6 Qxg3 21. f7+ 1-0

[Event "Rychnov Seniors op"]
[Site "Rychnov nad Kneznou"]
[Date "2012.08.22"]
[Round "3"]
[White "Tejkal, Jiri"]
[Black "Holub, Jan"]
[Result "1-0"]
[WhiteElo "1929"]
[BlackElo "2076"]
[PlyCount "71"]
[EventDate "2012.08.20"]
[EventType "swiss"]
[EventRounds "9"]
[EventCountry "CZE"]
[SourceTitle "CBM 150 Extra"]
[Source "ChessBase"]
[SourceDate "2012.10.19"]
[SourceVersion "1"]
[SourceVersionDate "2012.10.19"]
[SourceQuality "1"]

1. d4 c5 2. d5 e5 3. Nc3 d6 4. e4 g6 5. Be2 Bg7 6. Nf3 Ne7 7. 0-0 0-0 8. Nd2 f5 9. exf5 gxf5 10. f4 Nd7 11. Nc4 Nb6 12. a4 Nxc4 13. Bxc4 Ng6 14. Ra3 Nxf4 15. Bxf4 exf4 16. Rb3 Qh4 17. Rf3 Bd4+ 18. Kh1 Re8 19. Ne2 Be3 20. Qf1 Re4 21. Bd3 Rxa4 22. g3 Qg4 23. h3 Qh5 24. Kh2 c4 25. Nxf4 Bxf4 26. Rxf4 cxb3 27. Rxa4 bxc2 28. Bxc2 Bd7 29. Rh4 Qg5 30. Rf4 Re8 31. h4 Qf6 32. Bxf5 Bxf5 33. Rxf5 Qxb2+ 34. Kh3 Re7 35. Qf4 Qb1 36. Rf8+ 1-0